[Event "EU-ch 23rd"]
[Site "Vrnjacka Banja"]
[Date "2023.03.12"]
[Round "10"]
[White "Pantic, Ivica"]
[Black "Pirvulescu, Adrian"]
[Result "1-0"]
[WhiteElo "2091"]
[BlackElo "1738"]
[PlyCount "57"]
[EventDate "2023.03.03"]
[EventType "swiss"]
[EventRounds "11"]
[EventCountry "SRB"]
[SourceTitle "CBM 213"]
[Source "ChessBase"]
[SourceDate "2023.04.30"]
[SourceVersion "1"]
[SourceVersionDate "2023.04.30"]
[SourceQuality "1"]

1. Nf3 c5 2. c4 Nc6 3. d4 cxd4 4. Nxd4 e6 5. g3 Qb6 6. Nb3 Nf6 7. Bg2 d5 8. cxd5 exd5 9. 0-0 Be7 10. Be3 Qd8 11. Nc3 Be6 12. Nc5 Bxc5 13. Bxc5 Ne7 14. Bd4 h5 15. Bxf6 gxf6 16. e4 dxe4 17. Nxe4 Nd5 18. Qd4 Kf8 19. Rad1 Kg7 20. Nc5 Ne7 21. Qe3 Qb6 22. Rfe1 Bxa2 23. Qa3 Ng6 24. b4 Bc4 25. Qc3 Bb5 26. Nxb7 Rae8 27. Rxe8 Rxe8 28. Rd6 Qxd6 29. Nxd6 1-0

[Event "EU-ch 23rd"]
[Site "Vrnjacka Banja"]
[Date "2023.03.09"]
[Round "7"]
[White "Zadravec, Matija"]
[Black "Pantic, Ivica"]
[Result "1-0"]
[WhiteElo "2248"]
[BlackElo "2091"]
[PlyCount "73"]
[EventDate "2023.03.03"]
[EventType "swiss"]
[EventRounds "11"]
[EventCountry "SRB"]
[SourceTitle "CBM 213"]
[Source "ChessBase"]
[SourceDate "2023.04.30"]
[SourceVersion "1"]
[SourceVersionDate "2023.04.30"]
[SourceQuality "1"]

1. e4 c5 2. Nc3 Nc6 3. Bb5 g6 4. Bxc6 bxc6 5. d3 Bg7 6. f4 d6 7. Nf3 Nh6 8. 0-0 0-0 9. Qe1 f5 10. e5 Nf7 11. Qe2 Qc7 12. Re1 Rb8 13. b3 Nd8 14. Na4 Ne6 15. Be3 Rb4 16. Qf2 Nd8 17. Bd2 Rb8 18. Re2 Ba6 19. Rae1 Rb7 20. Bc3 Bb5 21. Qh4 Bxa4 22. exd6 Qxd6 23. Bxg7 Kxg7 24. bxa4 Rf6 25. Kf1 h6 26. Ne5 Ne6 27. Qf2 Nd4 28. Nc4 Qb8 29. Re5 Kf7 30. Rxc5 Ne6 31. Ne5+ Ke8 32. Rxc6 Rb4 33. g3 Rxa4 34. Nc4 Kf7 35. Qe3 Qb7 36. Rxe6 Qh1+ 37. Kf2 1-0

[Event "EU-ch 23rd"]
[Site "Vrnjacka Banja"]
[Date "2023.03.07"]
[Round "5"]
[White "Ozsakallioglu, Okan"]
[Black "Pantic, Ivica"]
[Result "1/2-1/2"]
[WhiteElo "2264"]
[BlackElo "2091"]
[PlyCount "142"]
[EventDate "2023.03.03"]
[EventType "swiss"]
[EventRounds "11"]
[EventCountry "SRB"]
[SourceTitle "CBM 213"]
[Source "ChessBase"]
[SourceDate "2023.04.30"]
[SourceVersion "1"]
[SourceVersionDate "2023.04.30"]
[SourceQuality "1"]

1. e4 c5 2. Nf3 Qc7 3. c3 Nf6 4. e5 Nd5 5. d4 cxd4 6. cxd4 e6 7. a3 d6 8. Bd3 Nc6 9. 0-0 Bd7 10. Re1 Qb6 11. Be4 dxe5 12. dxe5 Bc5 13. Re2 0-0-0 14. Bxd5 exd5 15. Bg5 Be7 16. Bxe7 Nxe7 17. Nc3 Kb8 18. Qd4 Qh6 19. Rd1 Nc6 20. Qd2 Qh5 21. Qf4 Be6 22. Nd4 Nxd4 23. Rxd4 Rd7 24. Red2 g5 25. Qe3 Qg6 26. h3 Rhd8 27. Kh2 a6 28. Rb4 Rc8 29. Na4 Rc6 30. Nc3 Rc8 31. Rb6 Qf5 32. g4 Qg6 33. Nxd5 h5 34. Nb4 Rxd2 35. Qxd2 Qe4 36. Qe3 Qxe3 37. fxe3 hxg4 38. hxg4 Rc1 39. Nd3 Rc2+ 40. Kg3 Ka7 41. Rd6 Rc4 42. Rd4 Rc2 43. Kf3 a5 44. b4 b6 45. Nf2 Ra2 46. Ne4 Rxa3 47. Nxg5 Bb3 48. bxa5 bxa5 49. Nxf7 Ra1 50. Nd8 a4 51. e6 Rf1+ 52. Ke4 Rf8 53. Ke5 Re8 54. Rd7+ Ka6 55. Rd6+ Kb5 56. Nc6 Kc5 57. Nd4 Bc4 58. Rc6+ Kb4 59. Kf6 Ra8 60. Rc7 Ra6 61. Kf7 Kc3 62. Nb5+ Kd3 63. Rxc4 Kxc4 64. e7 Ra8 65. Na3+ Kb3 66. e8Q Rxe8 67. Kxe8 Kxa3 68. g5 Kb4 69. g6 a3 70. g7 a2 71. g8Q a1Q 1/2-1/2

[Event "EU-ch 23rd"]
[Site "Vrnjacka Banja"]
[Date "2023.03.04"]
[Round "2"]
[White "Pantic, Ivica"]
[Black "Ciorgovean, Iustin"]
[Result "0-1"]
[WhiteElo "2091"]
[BlackElo "2325"]
[PlyCount "136"]
[EventDate "2023.03.03"]
[EventType "swiss"]
[EventRounds "11"]
[EventCountry "SRB"]
[SourceTitle "CBM 213"]
[Source "ChessBase"]
[SourceDate "2023.04.30"]
[SourceVersion "1"]
[SourceVersionDate "2023.04.30"]
[SourceQuality "1"]

1. Nf3 Nf6 2. d4 g6 3. c4 Bg7 4. Nc3 0-0 5. e4 d6 6. h3 c6 7. d5 a5 8. Bd3 Na6 9. Be3 Nd7 10. Rc1 Ndc5 11. Bb1 Bd7 12. 0-0 a4 13. Qd2 Qa5 14. Bh6 Qb4 15. Bxg7 Kxg7 16. Qe2 e6 17. dxc6 Bxc6 18. Rfd1 Rad8 19. Nd4 a3 20. b3 e5 21. Nf3 Nc7 22. Rd2 Rd7 23. Qe3 N7e6 24. Ne2 Rfd8 25. Ng3 f6 26. h4 Na6 27. Ne2 Qc5 28. Qc3 Nb4 29. Ne1 b5 30. Qh3 Nc7 31. Nd3 Nxd3 32. Bxd3 b4 33. h5 Re7 34. Qh4 Ne6 35. Kh2 Ree8 36. Ng3 Nf4 37. Qg4 Kf7 38. Bf1 Bd7 39. Qd1 Bc6 40. Kg1 Bb7 41. Be2 Ke7 42. Bf3 Rg8 43. h6 Ne6 44. Rd5 Qa7 45. Rb5 Bc6 46. Rxb4 Qc5 47. Qe1 Nc7 48. Be2 Rc8 49. Bg4 Na6 50. Bxc8 Nxb4 51. Bg4 Nd3 52. Qd2 Nxc1 53. Qxc1 Ra8 54. Qc3 Qd4 55. Qxd4 exd4 56. Kf1 Rb8 57. Bd1 Ke6 58. Ke2 Ke5 59. f3 f5 60. exf5 gxf5 61. Kd3 Rg8 62. Ne2 Be4+ 63. fxe4 fxe4+ 64. Kd2 Rxg2 65. Bc2 Rh2 66. b4 Rxh6 67. b5 Rg6 68. b6 Rg7 0-1

[Event "Paracin Summer op"]
[Site "Paracin"]
[Date "2020.07.06"]
[Round "4"]
[White "Pastar, Slaven"]
[Black "Pantic, Ivica"]
[Result "1-0"]
[WhiteElo "2323"]
[BlackElo "2131"]
[PlyCount "111"]
[EventDate "2020.07.03"]
[EventType "swiss"]
[EventRounds "9"]
[EventCountry "SRB"]
[SourceTitle "CBM 197 Extra"]
[Source "ChessBase"]
[SourceDate "2020.09.30"]
[SourceVersion "1"]
[SourceVersionDate "2020.09.30"]
[SourceQuality "1"]

1. d4 Nf6 2. Nf3 e6 3. Bf4 Be7 4. h3 0-0 5. e3 b6 6. Bd3 Bb7 7. Nbd2 c5 8. 0-0 d6 9. c3 Nbd7 10. Re1 Qc7 11. Bh2 Rfd8 12. Qe2 a6 13. a4 e5 14. dxe5 Nxe5 15. Nxe5 dxe5 16. Nc4 Nd7 17. Bf5 Bf6 18. Bxd7 Rxd7 19. a5 bxa5 20. Nxa5 Be4 21. Red1 Rxd1+ 22. Qxd1 c4 23. Qa4 Bd3 24. Qc6 Qb8 25. Ra4 Qd8 26. Nb7 Qe8 27. Rxa6 Be4 28. Qxe4 Rxa6 29. g4 Ra1+ 30. Kg2 Qa8 31. Nd6 Qxe4+ 32. Nxe4 h6 33. Nd2 Ra4 34. Kf3 Bh4 35. Bg3 Bxg3 36. fxg3 f6 37. Ke4 Kf7 38. Kd5 Ke7 39. Nxc4 Ra1 40. Nb6 Ra6 41. Kc6 Ke6 42. b4 Ra3 43. Nd5 Ra6+ 44. Kc5 Ra1 45. b5 Kd7 46. h4 Rg1 47. b6 Rb1 48. Nb4 Kc8 49. Kb5 Rb3 50. c4 Rxe3 51. c5 Re4 52. c6 Rxb4+ 53. Kxb4 g6 54. Kc5 e4 55. Kd6 e3 56. c7 1-0

[Event "Paracin Summer op"]
[Site "Paracin"]
[Date "2020.07.04"]
[Round "2"]
[White "Stankovic, Milos"]
[Black "Pantic, Ivica"]
[Result "1-0"]
[WhiteElo "2454"]
[BlackElo "2131"]
[PlyCount "65"]
[EventDate "2020.07.03"]
[EventType "swiss"]
[EventRounds "9"]
[EventCountry "SRB"]
[SourceTitle "CBM 197 Extra"]
[Source "ChessBase"]
[SourceDate "2020.09.30"]
[SourceVersion "1"]
[SourceVersionDate "2020.09.30"]
[SourceQuality "1"]

1. e4 Nf6 2. e5 Nd5 3. d4 d6 4. Nf3 dxe5 5. Nxe5 c6 6. Be2 Nd7 7. Nf3 g6 8. c4 Nc7 9. Be3 Bg7 10. Nc3 Nb6 11. h3 Be6 12. b3 0-0 13. 0-0 f5 14. Qd2 Kh8 15. Bh6 Bg8 16. Rad1 a5 17. Rfe1 a4 18. Bxg7+ Kxg7 19. Qe3 Rf6 20. Bd3 Re6 21. Ne5 axb3 22. axb3 Ra3 23. Bc2 Nd7 24. Ne2 Rf6 25. Qc3 Nf8 26. Qb4 Ra2 27. Bb1 Ra7 28. Qb6 Qb8 29. Ng3 Na8 30. Qc5 b6 31. Qb4 Qd8 32. h4 Ne6 33. Nxc6 1-0

[Event "Paracin Summer op-A 12th"]
[Site "Paracin"]
[Date "2019.07.09"]
[Round "6"]
[White "Pantic, Ivica"]
[Black "Ashutosh, Kumar2222"]
[Result "1-0"]
[WhiteElo "2184"]
[BlackElo "1928"]
[PlyCount "87"]
[EventDate "2019.07.05"]
[EventType "swiss"]
[EventRounds "9"]
[EventCountry "SRB"]
[SourceTitle "EXT 2022"]
[Source "ChessBase"]
[SourceDate "2021.10.06"]
[SourceVersion "1"]
[SourceVersionDate "2021.10.06"]
[SourceQuality "1"]

1. Nf3 Nf6 2. c4 c5 3. Nc3 d5 4. cxd5 Nxd5 5. d4 Nxc3 6. bxc3 g6 7. Bg5 Bg7 8. e3 Qa5 9. Qd2 Nc6 10. Rb1 a6 11. Be2 0-0 12. 0-0 Rd8 13. Rfd1 f6 14. Bh4 e5 15. Qc2 cxd4 16. cxd4 exd4 17. exd4 g5 18. Bxg5 fxg5 19. Bc4+ Kh8 20. Rb5 Qc7 21. Nxg5 Bf6 22. Nf7+ Qxf7 23. Bxf7 axb5 24. d5 Nd4 25. Qc5 Rxa2 26. h3 Rc2 27. Qb6 Ne2+ 28. Kh1 Kg7 29. Bh5 Nc3 30. Qc7+ Bd7 31. Re1 b4 32. Be8 Nxd5 33. Qxc2 Rxe8 34. Rd1 Bc6 35. Qb3 Nc3 36. Ra1 Ne4 37. Ra2 Nxf2+ 38. Kg1 Bd4 39. Qg3+ Ng4+ 40. Kh1 Re6 41. Qxg4+ Kf7 42. Qxd4 b3 43. Rf2+ Ke7 44. Qc5+ 1-0

[Event "Paracin Summer op-A 12th"]
[Site "Paracin"]
[Date "2019.07.05"]
[Round "1"]
[White "Petrov, Martin"]
[Black "Pantic, Ivica"]
[Result "1-0"]
[WhiteElo "2480"]
[BlackElo "2184"]
[PlyCount "55"]
[EventDate "2019.07.05"]
[EventType "swiss"]
[EventRounds "9"]
[EventCountry "SRB"]
[SourceTitle "CBM 191 Extra"]
[Source "ChessBase"]
[SourceDate "2019.09.30"]
[SourceVersion "1"]
[SourceVersionDate "2019.09.30"]
[SourceQuality "1"]

1. e4 c5 2. Nf3 Qc7 3. d4 cxd4 4. Nxd4 a6 5. Be2 Nf6 6. Nc3 e6 7. 0-0 Be7 8. f4 d6 9. Kh1 0-0 10. Be3 Rd8 11. Qe1 d5 12. e5 Ne4 13. Nxe4 dxe4 14. c3 Nd7 15. Qg3 g6 16. f5 Nxe5 17. fxe6 Bd6 18. exf7+ Nxf7 19. Qh4 Re8 20. Rxf7 Qxf7 21. Rf1 Qc7 22. Bd1 Rf8 23. Bb3+ Kh8 24. Rxf8+ Bxf8 25. Bf4 Qa5 26. Qf6+ Bg7 27. Be5 Qc7 28. Qf8# 1-0

[Event "SRB Central-ch op-A 6th"]
[Site "Paracin"]
[Date "2013.07.11"]
[Round "8"]
[White "Pantic, Ivica"]
[Black "Zarkovic, Mila"]
[Result "1-0"]
[WhiteElo "2193"]
[BlackElo "2070"]
[PlyCount "49"]
[EventDate "2013.07.05"]
[EventType "swiss"]
[EventRounds "9"]
[EventCountry "SRB"]
[SourceTitle "CBM 155 Extra"]
[Source "ChessBase"]
[SourceDate "2013.08.26"]
[SourceVersion "1"]
[SourceVersionDate "2013.08.26"]
[SourceQuality "1"]

1. Nf3 c5 2. c4 Nf6 3. Nc3 e6 4. e3 Be7 5. d4 d5 6. a3 0-0 7. b3 b6 8. Bd3 Nc6 9. Bb2 Bb7 10. 0-0 cxd4 11. exd4 Rc8 12. Rc1 Na5 13. Ne5 Ba6 14. Na4 dxc4 15. bxc4 Nd7 16. Qh5 h6 17. d5 Nf6 18. Qh3 exd5 19. Rfd1 Qe8 20. Ng4 Bxc4 21. Bxf6 Bxd3 22. Rxc8 Qxc8 23. Nxh6+ gxh6 24. Qxh6 Bxf6 25. Rxd3 1-0

[Event "SRB Central-ch op-A 6th"]
[Site "Paracin"]
[Date "2013.07.08"]
[Round "4"]
[White "Sarenac, David"]
[Black "Pantic, Ivica"]
[Result "1/2-1/2"]
[WhiteElo "2311"]
[BlackElo "2193"]
[PlyCount "46"]
[EventDate "2013.07.05"]
[EventType "swiss"]
[EventRounds "9"]
[EventCountry "SRB"]
[SourceTitle "CBM 155 Extra"]
[Source "ChessBase"]
[SourceDate "2013.08.26"]
[SourceVersion "1"]
[SourceVersionDate "2013.08.26"]
[SourceQuality "1"]

1. e4 d6 2. d4 Nf6 3. Nc3 e5 4. Nf3 Nbd7 5. g4 Nxg4 6. Rg1 Ngf6 7. Be3 c6 8. Qd2 b5 9. 0-0-0 b4 10. dxe5 bxc3 11. Qxc3 dxe5 12. Qxc6 Rb8 13. Nxe5 Qa5 14. Nc4 Qxa2 15. e5 Bb7 16. Qc7 Qa1+ 17. Kd2 Bb4+ 18. c3 Bxc3+ 19. bxc3 Ne4+ 20. Ke1 Qxc3+ 21. Bd2 Qd4 22. Be3 Qc3+ 23. Bd2 Qd4 1/2-1/2

[Event "Paracin-ch"]
[Site "Paracin"]
[Date "2013.01.19"]
[Round "8"]
[White "Pantic, Ivica"]
[Black "Djuretanovic, Ivan"]
[Result "1-0"]
[WhiteElo "2214"]
[BlackElo "2034"]
[PlyCount "81"]
[EventDate "2013.01.11"]
[EventType "swiss"]
[EventRounds "9"]
[EventCountry "SRB"]
[SourceTitle "EXT 2019"]
[Source "ChessBase"]
[SourceDate "2018.10.10"]
[SourceVersion "1"]
[SourceVersionDate "2018.10.10"]
[SourceQuality "1"]

1. Nf3 c5 2. c4 g6 3. e4 Nc6 4. d4 cxd4 5. Nxd4 Bg7 6. Be3 d6 7. Nc3 Nf6 8. Be2 0-0 9. 0-0 Bd7 10. Qd2 Re8 11. f3 Rc8 12. Nc2 Na5 13. Na3 b6 14. Rac1 Bc6 15. b4 Nb7 16. Nd5 e6 17. Nxf6+ Qxf6 18. Nb5 Bxb5 19. cxb5 Rxc1 20. Rxc1 d5 21. Rc7 Nd6 22. Kh1 Qd8 23. Rc6 d4 24. Bf4 e5 25. Bg5 f6 26. Bh4 h5 27. a4 Re7 28. Qa2+ Kh7 29. Bd3 g5 30. Bf2 Nf7 31. a5 Rd7 32. Be1 Nd6 33. Qe6 Nc8 34. Qf5+ Kh8 35. Qg6 Kg8 36. Bc4+ Kf8 37. Qh7 Rf7 38. Qxh5 Rc7 39. Qh7 Rf7 40. Qf5 Nd6 41. Qe6 1-0

[Event "Paracin-ch"]
[Site "Paracin"]
[Date "2013.01.18"]
[Round "6"]
[White "Pantic, Ivica"]
[Black "Jakovljevic, Dejan"]
[Result "0-1"]
[WhiteElo "2214"]
[BlackElo "1929"]
[PlyCount "68"]
[EventDate "2013.01.11"]
[EventType "swiss"]
[EventRounds "9"]
[EventCountry "SRB"]
[SourceTitle "EXT 2019"]
[Source "ChessBase"]
[SourceDate "2018.10.10"]
[SourceVersion "1"]
[SourceVersionDate "2018.10.10"]
[SourceQuality "1"]

1. Nf3 Nf6 2. c4 g6 3. Nc3 d5 4. Qa4+ Bd7 5. Qb3 dxc4 6. Qxc4 Bg7 7. e4 0-0 8. e5 Ne8 9. d4 c6 10. Qb3 b5 11. Be2 a5 12. a4 Be6 13. Qc2 b4 14. Ne4 Nc7 15. Nc5 Bd5 16. Be3 Nd7 17. 0-0 Nxc5 18. dxc5 Ne6 19. Qc1 Qc7 20. Bh6 Qa7 21. Bxg7 Kxg7 22. Rd1 Nxc5 23. Nd4 Rac8 24. Qg5 Kh8 25. Qe3 Nb3 26. Rab1 Rfd8 27. Bg4 Ra8 28. e6 f6 29. Rd3 Bc4 30. Nxc6 Rxd3 31. Qxa7 Rxa7 32. Nxa7 Nd4 33. Nc8 f5 34. Bd1 Rd2 0-1

[Event "EU-ch 13th"]
[Site "Plovdiv"]
[Date "2012.03.24"]
[Round "5"]
[White "Cioara, Andrei Nestor"]
[Black "Pantic, Ivica"]
[Result "1-0"]
[WhiteElo "2477"]
[BlackElo "2242"]
[PlyCount "69"]
[EventDate "2012.03.20"]
[EventType "swiss"]
[EventRounds "11"]
[EventCountry "BUL"]
[SourceTitle "CBM 148"]
[Source "ChessBase"]
[SourceDate "2012.05.16"]
[SourceVersion "1"]
[SourceVersionDate "2012.05.16"]
[SourceQuality "1"]

1. d4 Nf6 2. Nf3 e6 3. g3 d5 4. Bg2 Nbd7 5. 0-0 Be7 6. c4 c6 7. Nc3 dxc4 8. e4 b5 9. d5 exd5 10. exd5 cxd5 11. Nxd5 Nxd5 12. Qxd5 Rb8 13. Ne5 Nxe5 14. Qxe5 Rb6 15. Be3 Qd6 16. Qh5 Qg6 17. Qd5 Bb7 18. Qe5 Bxg2 19. Bxb6 0-0 20. Qxe7 Qc6 21. Bd4 h6 22. Rae1 a5 23. Qe5 f6 24. Qe6+ Qxe6 25. Rxe6 Bxf1 26. Kxf1 Rd8 27. Bb6 Ra8 28. Be3 a4 29. Bc5 Rd8 30. Ke2 Rd3 31. Rb6 Rd5 32. Rxb5 Kh7 33. a3 Kg6 34. Ra5 Re5+ 35. Kd2 1-0

[Event "EU-ch 13th"]
[Site "Plovdiv"]
[Date "2012.03.20"]
[Round "1"]
[White "Manolache, Marius"]
[Black "Pantic, Ivica"]
[Result "1-0"]
[WhiteElo "2561"]
[BlackElo "2242"]
[PlyCount "69"]
[EventDate "2012.03.20"]
[EventType "swiss"]
[EventRounds "11"]
[EventCountry "BUL"]
[SourceTitle "CBM 148"]
[Source "ChessBase"]
[SourceDate "2012.05.16"]
[SourceVersion "1"]
[SourceVersionDate "2012.05.16"]
[SourceQuality "1"]

1. d4 Nf6 2. c4 e6 3. Nf3 Bb4+ 4. Nbd2 0-0 5. Qc2 d5 6. e3 Ne4 7. a3 Bxd2+ 8. Nxd2 f5 9. Be2 c6 10. 0-0 b6 11. Nxe4 dxe4 12. f3 exf3 13. Bxf3 Bb7 14. b4 Nd7 15. a4 a5 16. bxa5 Rxa5 17. Bd2 Ra7 18. Bc3 Qg5 19. e4 f4 20. Qf2 c5 21. a5 bxa5 22. d5 exd5 23. exd5 a4 24. Rfe1 Raa8 25. h4 Qg3 26. Qb2 Rab8 27. Re7 Rf7 28. Qe2 Qg6 29. Bh5 Rxe7 30. Qxe7 Qg3 31. Bf3 Bc8 32. Qe6+ Kf8 33. Re1 Qg6 34. Qe7+ Kg8 35. Bh5 1-0

[Event "SRB-chT quality"]
[Site "Belgrade"]
[Date "2010.10.27"]
[Round "7"]
[White "Pantic, Ivica"]
[Black "Sarenac, David"]
[Result "0-1"]
[WhiteElo "2275"]
[BlackElo "2255"]
[PlyCount "113"]
[EventDate "2010.10.09"]
[EventType "team-tourn"]
[EventRounds "11"]
[EventCountry "YUG"]
[SourceTitle "EXT 2011"]
[Source "ChessBase"]
[SourceDate "2010.11.26"]
[SourceVersion "1"]
[SourceVersionDate "2010.11.26"]
[SourceQuality "1"]

1. e4 d5 2. exd5 Qxd5 3. Nc3 Qd6 4. d4 Nf6 5. Nf3 g6 6. Be2 Bg7 7. 0-0 0-0 8. Nb5 Qb6 9. c4 c6 10. Nc3 Bf5 11. Na4 Qc7 12. b4 Nbd7 13. Bb2 Ne4 14. Nh4 Ndf6 15. Nxf5 gxf5 16. Qc2 e6 17. f3 Nd6 18. Bd3 Rac8 19. Nc5 b6 20. Nb3 b5 21. c5 Nde8 22. a3 Nd5 23. Qd2 Nef6 24. Ra2 Nf4 25. Bc2 N6d5 26. g3 Ng6 27. f4 Kh8 28. Kh1 Rg8 29. Bd1 Bf6 30. Bf3 Nge7 31. a4 a6 32. axb5 axb5 33. Rfa1 Qd8 34. Ra7 Qf8 35. Na5 Qh6 36. Bxd5 Nxd5 37. Ra3 Qh3 38. Rf3 Rg7 39. Nb7 Rc7 40. Ra8+ Rg8 41. Rxg8+ Kxg8 42. Na5 Kf8 43. Kg1 Ke7 44. Ra3 Kd7 45. Nb3 h5 46. Nc1 h4 47. Ne2 hxg3 48. hxg3 Bd8 49. Qe1 Rc8 50. Bc3 Bc7 51. Qf1 Qh5 52. Bd2 Rh8 53. Qg2 Rg8 54. Ra6 Qh8 55. Kf2 Ra8 56. Rxa8 Qxa8 57. Qf3 0-1

[Event "SRB-chT quality"]
[Site "Belgrade"]
[Date "2010.10.17"]
[Round "4"]
[White "Markovic, Misa"]
[Black "Pantic, Ivica"]
[Result "0-1"]
[WhiteElo "2193"]
[BlackElo "2275"]
[PlyCount "110"]
[EventDate "2010.10.09"]
[EventType "team-tourn"]
[EventRounds "11"]
[EventCountry "YUG"]
[SourceTitle "EXT 2011"]
[Source "ChessBase"]
[SourceDate "2010.11.26"]
[SourceVersion "1"]
[SourceVersionDate "2010.11.26"]
[SourceQuality "1"]

1. e4 c5 2. Nf3 d6 3. d4 cxd4 4. Nxd4 Nf6 5. Nc3 a6 6. Nb3 e5 7. Bd3 Be7 8. 0-0 Be6 9. f4 exf4 10. Bxf4 Nc6 11. Kh1 0-0 12. Nd5 Ng4 13. Be2 Nge5 14. Nxe7+ Qxe7 15. Nd4 Nxd4 16. Qxd4 Rac8 17. c3 Bc4 18. Rf2 Bxe2 19. Rxe2 Rfd8 20. Rd1 Qh4 21. Qd2 Nc4 22. Qc1 Qg4 23. Rf2 Qe6 24. b3 Ne5 25. Qc2 Ng4 26. Rf3 h6 27. h3 Nf6 28. Rd4 d5 29. exd5 Rxd5 30. Rxd5 Nxd5 31. c4 b5 32. Bd2 bxc4 33. bxc4 Nf6 34. c5 Ne4 35. Be3 Nxc5 36. Bd4 Ne4 37. Qb2 Qg6 38. Rf4 h5 39. Kg1 Ng5 40. Qb3 Ne6 41. Rh4 Qc2 42. Qe3 Rc4 43. Kh2 Qa4 44. Bxg7 Nxg7 45. Rxc4 Qxc4 46. a3 h4 47. Qg5 Qc7+ 48. Kh1 Qg3 49. Qd8+ Kh7 50. Qe7 Qf4 51. Qc5 Nf5 52. Qc6 Ng3+ 53. Kh2 Ne2+ 54. Kh1 Qf1+ 55. Kh2 Qg1# 0-1

[Event "Senta op-A 14th"]
[Site "Senta"]
[Date "2010.07.18"]
[Round "3"]
[White "Nestorovic, Dejan"]
[Black "Pantic, Ivica"]
[Result "1/2-1/2"]
[WhiteElo "2423"]
[BlackElo "2269"]
[PlyCount "162"]
[EventDate "2010.07.17"]
[EventType "swiss"]
[EventRounds "9"]
[EventCountry "YUG"]
[SourceTitle "CBM 137 Extra"]
[Source "ChessBase"]
[SourceDate "2010.09.01"]
[SourceVersion "1"]
[SourceVersionDate "2010.09.01"]
[SourceQuality "1"]

1. d4 Nf6 2. c4 g6 3. Nc3 Bg7 4. e4 d6 5. Be2 0-0 6. Bg5 Nbd7 7. Qd2 c5 8. d5 b5 9. cxb5 a6 10. bxa6 Bxa6 11. Bxa6 Rxa6 12. Nge2 Qa8 13. 0-0 Rb8 14. f3 e6 15. dxe6 fxe6 16. Rac1 Ne5 17. b3 c4 18. Rb1 cxb3 19. axb3 Qa7+ 20. Kh1 Nfd7 21. f4 Ng4 22. h3 Qe3 23. Qxe3 Nxe3 24. Rfc1 d5 25. f5 d4 26. Bxe3 dxe3 27. fxg6 hxg6 28. b4 Ne5 29. b5 Rab6 30. Rb3 Nd3 31. Rcb1 Nf2+ 32. Kg1 Ra8 33. Rb4 Bf8 34. Ra4 Rd8 35. Ra6 Rb7 36. Rxe6 Rd2 37. b6 Kf7 38. Rc6 Bd6 39. Rb5 Bb8 40. e5 Nd1 41. Ng3 Rc2 42. Rf6+ Kg7 43. Nce2 Bxe5 44. Re6 Bxg3 45. Nxg3 Rf7 46. Ne4 e2 47. Ng3 Nc3 48. b7 Rc1+ 49. Kh2 Rf8 50. Rbe5 Rb1 51. Re7+ Kh6 52. Nxe2 Nxe2 53. Rxe2 Rb8 54. R2e4 R1xb7 55. R7e6 Rb5 56. Rh4+ Rh5 57. Rf4 Rhb5 58. Rff6 Rg8 59. h4 Rg7 60. Rf8 Kh5 61. Kh3 Kh6 62. g3 Kh7 63. Ree8 Rgb7 64. Rc8 Rb3 65. Rc6 R3b6 66. Rxb6 Rxb6 67. Rf7+ Kh6 68. Kg4 Rb4+ 69. Rf4 Rb5 70. Rd4 Kg7 71. Kf4 Kf6 72. g4 Rb6 73. g5+ Ke6 74. Re4+ Kf7 75. Rc4 Ke6 76. Kg4 Kf7 77. h5 gxh5+ 78. Kxh5 Kg8 79. Rc7 Ra6 80. g6 Ra1 81. g7 Rh1+ 1/2-1/2

[Event "Senta op-A 14th"]
[Site "Senta"]
[Date "2010.07.18"]
[Round "2"]
[White "Pantic, Ivica"]
[Black "Siclovan, Cristian Daniel"]
[Result "1-0"]
[WhiteElo "2269"]
[BlackElo "2027"]
[PlyCount "101"]
[EventDate "2010.07.17"]
[EventType "swiss"]
[EventRounds "9"]
[EventCountry "YUG"]
[SourceTitle "CBM 137 Extra"]
[Source "ChessBase"]
[SourceDate "2010.09.01"]
[SourceVersion "1"]
[SourceVersionDate "2010.09.01"]
[SourceQuality "1"]

1. e4 e6 2. d4 d5 3. Nc3 Bb4 4. e5 c5 5. a3 Bxc3+ 6. bxc3 Qc7 7. Nf3 b6 8. Bb5+ Bd7 9. Bd3 Ba4 10. 0-0 Nd7 11. Bd2 Ne7 12. Ne1 f5 13. exf6 Nxf6 14. Nf3 c4 15. Be2 0-0 16. Ng5 Qd6 17. Re1 Rac8 18. Bh5 Ng6 19. Bxg6 hxg6 20. f4 Nh7 21. Nf3 Nf6 22. Ne5 Ne4 23. Nxg6 Rf6 24. Ne5 Qc7 25. Rf1 Rcf8 26. Rf3 Qe7 27. Rh3 Qe8 28. g3 Qe7 29. Be3 Nxc3 30. Qe1 Ne4 31. g4 Rh6 32. Rxh6 gxh6 33. h3 Kg7 34. Qe2 Qh4 35. Qf3 Bxc2 36. Kh2 Nd6 37. Bf2 Qf6 38. Bg3 Qe7 39. f5 exf5 40. gxf5 Nxf5 41. Rg1 Kh7 42. Ng6 Be4 43. Qg4 Rg8 44. Nxe7 Rxg4 45. Nxf5 Rg6 46. Nd6 Bd3 47. Nb5 Rg7 48. Nc3 Rd7 49. Be5 a6 50. a4 Bg6 51. Rg2 1-0

[Event "Belgrade op"]
[Site "Belgrade"]
[Date "2009.11.29"]
[Round "6"]
[White "Milutinovic, Dejan D"]
[Black "Pantic, Ivica"]
[Result "0-1"]
[WhiteElo "2069"]
[BlackElo "2197"]
[PlyCount "113"]
[EventDate "2009.11.24"]
[EventType "swiss"]
[EventRounds "9"]
[EventCountry "YUG"]
[SourceTitle "CBM 133 Extra"]
[Source "ChessBase"]
[SourceDate "2010.01.05"]
[SourceVersion "1"]
[SourceVersionDate "2010.01.05"]
[SourceQuality "1"]

1. d4 Nf6 2. Nf3 e6 3. Bf4 b6 4. h3 Be7 5. Nbd2 Bb7 6. e3 0-0 7. Bd3 d5 8. 0-0 c5 9. c4 Nc6 10. dxc5 bxc5 11. Rc1 Qb6 12. Qe2 Nb4 13. Bb1 Ne4 14. a3 Na6 15. Nxe4 dxe4 16. Ng5 e5 17. Nxh7 Kxh7 18. Qh5+ Kg8 19. Bxe5 Bf6 20. f4 Bxe5 21. fxe5 Qg6 22. Qh4 Rae8 23. Rcd1 Rxe5 24. Rd7 Bc8 25. Rxa7 Qb6 26. Re7 Rxe7 27. Qxe7 Qe6 28. Qxe6 Bxe6 29. Bxe4 Bxc4 30. Rc1 Bb5 31. Bb7 Rb8 32. Bd5 Kf8 33. b3 Ke7 34. Kf2 f6 35. a4 Nb4 36. Be4 Bd3 37. Bf3 Bc2 38. Kg3 Kd6 39. Bd1 Bxd1 40. Rxd1+ Kc6 41. Kf4 Nd5+ 42. Kf3 Rxb3 43. Kf2 Ra3 44. h4 Rxa4 45. g3 Ra2+ 46. Kf3 Ra3 47. h5 Rxe3+ 48. Kg4 Re5 49. Rh1 c4 50. Ra1 c3 51. Ra4 c2 52. Ra1 Nb4 53. Rc1 Rd5 54. Ra1 Rd1 55. Ra7 c1Q 56. Rxg7 Rd5 57. h6 0-1

[Event "Belgrade op"]
[Site "Belgrade"]
[Date "2009.11.27"]
[Round "4"]
[White "Blagojevic, Dragisa"]
[Black "Pantic, Ivica"]
[Result "1-0"]
[WhiteElo "2545"]
[BlackElo "2197"]
[PlyCount "67"]
[EventDate "2009.11.24"]
[EventType "swiss"]
[EventRounds "9"]
[EventCountry "YUG"]
[SourceTitle "CBM 133 Extra"]
[Source "ChessBase"]
[SourceDate "2010.01.05"]
[SourceVersion "1"]
[SourceVersionDate "2010.01.05"]
[SourceQuality "1"]

1. d4 Nf6 2. c4 e6 3. Nf3 b6 4. g3 Bb7 5. Bg2 Be7 6. 0-0 0-0 7. Nc3 Ne4 8. Qc2 Nxc3 9. Qxc3 c5 10. Rd1 Bf6 11. Qd3 d5 12. cxd5 exd5 13. dxc5 bxc5 14. Be3 Na6 15. Qd2 h6 16. Qc2 Qe7 17. Ne1 Rfe8 18. Qb3 Rab8 19. Bxd5 Bc8 20. Qa4 Rb4 21. Qa5 Rxb2 22. Bc4 Qb7 23. Rac1 Qb4 24. Qxb4 Nxb4 25. Rb1 Be6 26. Bxe6 Rxe6 27. a3 Na6 28. Rxb2 Bxb2 29. Rd2 Rb6 30. Nd3 c4 31. Bxb6 c3 32. Rc2 axb6 33. Nxb2 cxb2 34. Rxb2 1-0